书目信息 |
| 书名: | Story of the Chinese book | |
| 作者: | Liu Guojunand ZHeng Rusi. | |
| 分册号: | ||
| 分册名: | 出版地: | Peking : |
|
| 出版社: | Foreign Languages Press | |
| 出版时间: | 1985. | |
| 页数: | 125 p. : | |
| 开本: | 19 cm. | |
| 丛书名: | ||
| 中图分类号: | ||
| 科图分类号: | ||
| 其他分类号: | H319.4 | |
| 主题词: | ||
| 电子资源: | ||
| 000 | 00757nam 22000265a 450 | |
| 001 | E0738997483 | |
| 005 | 20070228105405.78 | |
| 008 | 0404191985 cc a eng | |
| 010 | @a59050868 | |
| 020 | @a0-8351-1304-3 :@cCNY1.50. | |
| 035 | @a(OCoLC)11056775 | |
| 040 | @aDLC@cInEU@dDLC | |
| 043 | @aa-cc--- | |
| 050 | 00 | @aZ8.C5@bL493 |
| 090 | @aI169.4/W1 | |
| 090 | @aH319.4 | |
| 099 | @dH319.4@ex266 | |
| 100 | 1 | @aLiu, Kuo-ch黱. |
| 245 | 10 | @aStory of the Chinese book / @cLiu Guojunand ZHeng Rusi. |
| 260 | @aPeking :@bForeign Languages Press,@c1985. | |
| 300 | @a125 p. :@bill. ;@c19 cm. | |
| 650 | 0 | @aBooks@zChina@xHistory. |
| 650 | 0 | @aPrinting@zChina@xHistory. |
| 740 | 0 | @aChinese book. |
| 920 | @a232010@z2 | |
| Story of the Chinese book / / Liu Guojunand ZHeng Rusi.-Peking : : Foreign Languages Press, , 1985. |
| 125 p. : : ill. ; ; 19 cm. |
| ISBN 0-8351-1304-3 :CNY1.50. |
| ● |
| 相关链接 |
|
|
|
|
正题名:Story of the Chinese book
索取号:H319.4/x266
 
预约/预借
| 序号 | 登录号 | 条形码 | 馆藏地/架位号 | 状态 | 备注 |
| 1 | 124827 | 001426692 | 第四借阅区/ [索取号:H319.4/x266] | 在馆 |